| 000 | 00650nam a2200229Ia 4500 | ||
|---|---|---|---|
| 003 | OSt | ||
| 005 | 20260107140012.0 | ||
| 008 | 210716s1994 xx 000 0 und d | ||
| 020 | _a672304635 | ||
| 040 | _cAIMIT LIBRARY | ||
| 041 | _aeng | ||
| 082 | _a621.399 MORM | ||
| 100 |
_aMorrison, Mike. _9250535 |
||
| 245 |
_aBecoming a computer animator/ _cBy Mike Morrison. |
||
| 250 | _a1st ed. | ||
| 260 |
_aUSA : _bSAMS publishing , _c1994. |
||
| 300 |
_axvi,330 p.; _bPB _c22.5 cm. |
||
| 650 |
_aInteractive entertainment _9250536 |
||
| 650 |
_aForensic animation _9250537 |
||
| 650 |
_aMotion pictures _9250538 |
||
| 942 |
_2ddc _cBK _k621.399 MORM |
||
| 999 |
_c183728 _d183728 |
||